Introducción a la integración económica / (Registro nro. 27992)

Detalles MARC
000 -LEADER
fixed length control field 02348nam a2200289Ia 4500
003 - CONTROL NUMBER IDENTIFIER
control field CO-CtgCURN
005 - DATE AND TIME OF LATEST TRANSACTION
control field 20250407220628.0
008 - FIXED-LENGTH DATA ELEMENTS--GENERAL INFORMATION
fixed length control field 190722s9999 xx 000 0 und d
020 ## - INTERNATIONAL STANDARD BOOK NUMBER
International Standard Book Number 9589029124
040 ## - CATALOGING SOURCE
Original cataloging agency CO-CtgCURN
Language of cataloging spa
Transcribing agency coctgcurn
Description conventions rda
082 ## - DEWEY DECIMAL CLASSIFICATION NUMBER
Classification number 337.1
Item number V715i
100 ## - MAIN ENTRY--PERSONAL NAME
Personal name Villamizar Pinto, Hernando
9 (RLIN) 8519
Relator term autor
245 #0 - TITLE STATEMENT
Title Introducción a la integración económica /
Statement of responsibility, etc. Hernando Villamizar Pinto
260 ## - PUBLICATION, DISTRIBUTION, ETC.
Place of publication, distribution, etc. Bogotá, Colombia :
Name of publisher, distributor, etc. Fundación Universidad Jorge Tadeo Lozano,
Date of publication, distribution, etc. 2000
300 ## - PHYSICAL DESCRIPTION
Extent 216 páginas ;
Dimensions 23 centímetros
336 ## - CONTENT TYPE
Source rdacontent
337 ## - MEDIA TYPE
Source rdamedia
338 ## - CARRIER TYPE
Source rdacarrier
490 ## - SERIES STATEMENT
Series statement Estudios de economía
500 ## - GENERAL NOTE
General note Incluye índice
505 ## - FORMATTED CONTENTS NOTE
Formatted contents note Cap.1. Fundamentos teóricos de la integración económica -- Cap.2. Formas de integración económica -- Cap.3. Otras formas de integración económica -- Cap.4. Efectos de la integración económica -- Cap.5. Efectos de la integración en el comercio -- Cap.6. Efectos dinámicos de la integración económica -- Cap.7. Principios generalmente aplicados en los convenios -- Cap.8. Materias generalmente incluidas en los convenios -- Cap.9. Procesos de integración económica en Europa occidental -- Cap.10. Comunidad europea del carbón y el acero -- Cap.11. Comunidad europea de energía atómica -- Cap.12. Comunidad económica europea -- Cap.13. modificaciones al tratado de roma -- Cap.14. Unión europea (tratado de maastricht) -- Cap.14. Cooperación en política exterior y seguridad común común -- Cap.15. Política de cooperación en el ámbito de la justicia y asuntos del interior -- Cap.16. Modificaciones al tratado de maastricht -- Cap.17. Asociación europea de libre comercio -- Cap.18. Espacio económico europeo -- Cap.19. Procesos de integración económica en las américas -- Cap.20. Mercado común centroamericano -- Cap.21. Asociación latinoamericana de integración -- Cap.22. grupo andino o comunidad andina -- Cap.23. Mercado común del sur -- Cap.24. Tratado de libre comercio de américa del norte -- Cap.25. Procesos de integración económica en Asia.
521 ## - TARGET AUDIENCE NOTE
Target audience note AREA SOCIOHUMANISTICA
590 ## - LOCAL NOTE (RLIN)
Local note Programa de Derecho_18
650 ## - SUBJECT ADDED ENTRY--TOPICAL TERM
Topical term or geographic name entry element Integración económica
9 (RLIN) 8520
942 ## - ADDED ENTRY ELEMENTS (KOHA)
Koha item type Libros
Classification part 337.1
Item part V715i
Source of classification or shelving scheme Dewey Decimal Classification
Suppress in OPAC No
Existencias
Withdrawn status Lost status Damaged status Not for loan Collection Home library Current library Shelving location Date acquired Inventory number Total checkouts Full call number Barcode Date last seen Copy number Price effective from Koha item type
          Miguel Henríquez Castañeda Barranquilla Miguel Henríquez Castañeda Barranquilla General 05/23/2018 03395   337.1 V715i 03395 07/22/2019 ej.1 07/22/2019 Libros